| 000 | 00478nam a2200181Ia 4500 | ||
|---|---|---|---|
| 001 | 68285 | ||
| 008 | 150819s9999 xx 000 0 und d | ||
| 020 | _a97893511123033 | ||
| 040 | _cPK-LaUMT | ||
| 082 |
_a 658.408 _bSHA-C |
||
| 100 | _aSharma, Sandeep | ||
| 245 |
_aCorporate governance and accountability _cSharma, Sandeep |
||
| 260 |
_aNew Delhi, India: _bRajat Publications, _c2014 |
||
| 300 | _a291 p. | ||
| 546 | _aEN | ||
| 650 | _aCorporate governance | ||
| 942 | _cBK | ||
| 999 |
_c74317 _d74317 |
||